[Event "Serpukhov-D"]
[Site "?"]
[Date "2003.??.??"]
[Round "1"]
[White "Andreikin Dmitri"]
[Black "Tikhomirov Sergei"]
[Result "1-0"]
[WhiteElo "2342"]
[BlackElo "2342"]
[PlyCount "107"]
[EventDate "2003.??.??"]
[Source "www.chesslib.no"]
[SourceDate "2004.05.04"]

1. e4 e5 2. Nf3 Nc6 3. Bb5 Qf6 4. Nc3 Nge7 5. O-O a6 6. Bxc6 Nxc6 7. Nd5 Qd8 8. d4 d6 9. dxe5 dxe5 10. Nh4 Be7 11. Nf5 Bxf5 12. exf5 Nd4 13. Ne3 g6 14. Qg4 Qd7 15. Rd1 Bd6 16. Qg5 Nxf5 17. Qf6 O-O 18. Ng4 Qe7 19. Qxe7 Nxe7 20. Bh6 Rfc8 21. Nf6+ Kh8 22. Ne4 Ng8 23. Bg5 Kg7 24. c4 h6 25. Be3 Rd8 26. Nxd6 cxd6 27. f4 Nf6 28. Bb6 Rd7 29. c5 d5 30. fxe5 Ng4 31. c6 bxc6 32. Bd4 Re7 33. Re1 Rae8 34. Rac1 Nxe5 35. Rxe5 Rxe5 36. Rxc6 f6 37. Bxe5 fxe5 38. Rxa6 d4 39. Kf2 e4 40. Rd6 Rc8 41. Rxd4 Rc2+ 42. Ke3 Rxb2 43. a4 Kf6 44. Rd2 Rb4 45. Ra2 Ke5 46. a5 Rb3+ 47. Ke2 Rb7 48. a6 Ra7 49. Ke3 Kd5 50. h4 Kc5 51. Kxe4 Kb6 52. Ke5 g5 53. h5 g4 54. Kf6 1-0

[Event "Corr"]
[Site "?"]
[Date "1999.??.??"]
[Round "?"]
[White "Brusila Heikki"]
[Black "Bouchez Dominique"]
[Result "1-0"]
[WhiteElo "2292"]
[BlackElo "2392"]
[PlyCount "31"]
[EventDate "1999.??.??"]
[Source "www.chesslib.no"]
[SourceDate "2004.05.04"]

1. e4 e5 2. Nf3 Nc6 3. Bb5 a6 4. Bc4 Be7 5. d4 exd4 6. Nxd4 Nxd4 7. Qxd4 Bf6 8. e5 Qe7 9. f4 d6 10. O-O dxe5 11. fxe5 Qxe5 12. Bxf7+ Kf8 13. Qxe5 Bxe5 14. Bb3+ Nf6 15. Nc3 Bg4 16. Bf4 1-0

[Event "Corr"]
[Site "?"]
[Date "1999.??.??"]
[Round "?"]
[White "Gerundino Nicola"]
[Black "Genovese Maurizio"]
[Result "1-0"]
[WhiteElo "2409"]
[BlackElo "2274"]
[PlyCount "67"]
[EventDate "1999.??.??"]
[Source "www.chesslib.no"]
[SourceDate "2004.05.04"]

1. e4 e5 2. Nf3 Nc6 3. Bb5 Bb4 4. O-O Nge7 5. c3 Ba5 6. Bxc6 Nxc6 7. b4 Bb6 8. b5 Na5 9. Nxe5 O-O 10. d4 Qe8 11. Qd3 f5 12. Nd2 d6 13. Nef3 fxe4 14. Nxe4 Bd7 15. a4 Qg6 16. Nh4 Qh5 17. Qg3 a6 18. bxa6 Rxa6 19. Bg5 Qg4 20. Qxg4 Bxg4 21. h3 Be6 22. Rfe1 h6 23. Be7 Re8 24. Bxd6 cxd6 25. Nxd6 Raa8 26. Nxe8 Rxe8 27. Nf5 Bd7 28. Rxe8+ Bxe8 29. Re1 Bf7 30. d5 Bc5 31. d6 Kf8 32. Re5 b6 33. d7 Nb7 34. a5 1-0

[Event "POL-ch"]
[Site "POL"]
[Date "1992.??.??"]
[Round "4"]
[White "Macieja, Bartlomiej"]
[Black "Czerwonski, Aleksander"]
[Result "1/2-1/2"]
[WhiteElo "2300"]
[BlackElo "2370"]
[PlyCount "124"]
[EventDate "1992.??.??"]
[Source "ChessBase"]

1. e4 e5 2. Nf3 Nc6 3. Bb5 Bb4 4. O-O Nge7 5. c3 Ba5 6. d4 exd4 7. cxd4 d5 8. e5 h6 9. Nc3 O-O 10. h3 f6 11. Re1 fxe5 12. Nxe5 Nxe5 13. Rxe5 c6 14. Bf1 Bc7 15. Re2 Nf5 16. Qd3 Qf6 17. Be3 Bd7 18. Rd1 Nxe3 19. Qxe3 Rae8 20. Qd2 Rxe2 21. Qxe2 Re8 22. Qd3 Bf5 23. Qf3 Qg6 24. g3 Bc2 25. Rc1 Bb6 26. Qf4 Bd8 27. Qd2 Bf5 28. Re1 Rxe1 29. Qxe1 Bb6 30. Qe5 Qe6 31. Ne2 Qxe5 32. dxe5 Kf7 33. Kg2 Ke6 34. f4 Be4+ 35. Kh2 Be3 36. Nc3 Bc2 37. Be2 g5 38. Bg4+ Bf5 39. Ne2 Bxg4 40. hxg4 d4 41. Kg2 d3 42. f5+ Kxe5 43. Nc3 Bd4 44. Kf1 h5 45. gxh5 Kxf5 46. Ke1 g4 47. Kd2 Kg5 48. Kxd3 Be5 49. Ne2 Bxb2 50. Ke4 c5 51. h6 Kxh6 52. Kf5 b5 53. Kxg4 b4 54. Kf5 a5 55. Ke4 a4 56. Kd3 Kg5 57. Kc4 Kg4 58. Nf4 b3 59. axb3 a3 60. Nd5 Kxg3 61. Nc3 Kf3 62. Na2 Ke3 1/2-1/2

[Event "RUS-ch 1/2 fin"]
[Site "?"]
[Date "2002.??.??"]
[Round "2"]
[White "Rodchenkov Vitaly"]
[Black "Piraev Philip"]
[Result "1/2-1/2"]
[WhiteElo "2255"]
[BlackElo "2400"]
[PlyCount "31"]
[EventDate "2002.??.??"]
[Source "www.chesslib.no"]
[SourceDate "2004.05.04"]

1. e4 e5 2. Nf3 Nc6 3. Bb5 Qf6 4. O-O Bc5 5. c3 Nge7 6. d3 a6 7. Ba4 h6 8. Be3 Bxe3 9. fxe3 O-O 10. Qe2 d5 11. Nbd2 dxe4 12. Nxe4 Qg6 13. Bb3 Be6 14. Nh4 Qg4 15. Qxg4 Bxg4 16. h3 1/2-1/2

[Event "Goldberg Memorial"]
[Site "Moscow RUS"]
[Date "1990.??.??"]
[Round "2"]
[White "Pichler, Juergen"]
[Black "Berkovich, Mark A"]
[Result "0-1"]
[WhiteElo "2325"]
[BlackElo "2330"]
[PlyCount "58"]
[EventDate "1990.??.??"]
[Source "www.chesslib.no"]
[SourceDate "2004.05.04"]

1. e4 e5 2. Nf3 Nc6 3. Bb5 Bb4 4. O-O Nge7 5. d4 exd4 6. Nxd4 O-O 7. Be3 d5 8. exd5 Qxd5 9. c4 Qd6 10. Bxc6 Nxc6 11. Nb5 Qe5 12. Qc1 Be6 13. a3 Bd6 14. Nxd6 Qxd6 15. Rd1 Qe7 16. Qc3 Rad8 17. Nd2 Rfe8 18. h3 Qh4 19. Nf3 Qxc4 20. Qxc4 Bxc4 21. Bf4 Be2 22. Rxd8 Nxd8 23. Nd4 c5 24. Nf5 Ne6 25. Nd6 Rd8 26. Nxb7 Rd7 27. Nxc5 Nxc5 28. Re1 Rd1 29. Rxd1 Bxd1 0-1

[Event "Schneider mem op"]
[Site "Budapest"]
[Date "1995.??.??"]
[Round "7"]
[White "Zetocha, Claudiu"]
[Black "Chetverik, Maxim"]
[Result "1-0"]
[WhiteElo "2315"]
[BlackElo "2335"]
[PlyCount "77"]
[EventDate "1995.??.??"]
[Source "ChessBase"]

1. e4 e5 2. Nf3 Nc6 3. Bb5 Bb4 4. O-O Nge7 5. c3 Ba5 6. Bxc6 Nxc6 7. b4 Bb6 8. b5 Na5 9. Nxe5 O-O 10. d4 Qe8 11. Qd3 d6 12. Nf3 f5 13. e5 f4 14. Ba3 Bf5 15. Qe2 Bg4 16. Nbd2 Rf5 17. h3 Bh5 18. Qe4 Bg6 19. exd6 Qxe4 20. Nxe4 Nc4 21. Bc5 Rd5 22. Rfe1 cxd6 23. Bxb6 axb6 24. a4 h6 25. Ned2 Nxd2 26. Nxd2 Bc2 27. Nc4 Rd8 28. Nxb6 Rf5 29. f3 d5 30. a5 Rf6 31. Re5 Rfd6 32. Ra2 Bd3 33. Rb2 Bg6 34. Re7 Rb8 35. Kf2 Kf8 36. Rc7 Be8 37. Rc5 Rbd8 38. Re2 Bf7 39. Re5 1-0

[Event "Zadar op"]
[Site "Zadar"]
[Date "1997.??.??"]
[Round "4"]
[White "Rogulj, Branko"]
[Black "Hecimovic, Ivan"]
[Result "1-0"]
[WhiteElo "2415"]
[BlackElo "2230"]
[PlyCount "79"]
[EventDate "1997.??.??"]
[Source "www.chesslib.no"]
[SourceDate "2004.05.04"]

1. e4 e5 2. Nf3 Nc6 3. Bb5 Bb4 4. c3 Ba5 5. Qa4 Bb6 6. O-O Nge7 7. d4 f6 8. Be3 a6 9. dxe5 Bxe3 10. fxe3 O-O 11. exf6 Rxf6 12. e5 Rf8 13. Nbd2 Ng6 14. Qc4+ Kh8 15. Bxc6 dxc6 16. h4 Qe8 17. Ng5 h6 18. Nf7+ Kh7 19. h5 Ne7 20. e6 Nd5 21. Qe4+ Kg8 22. Qg6 Bxe6 23. Nxh6+ Kh8 24. Rxf8+ Qxf8 25. Qxe6 gxh6 26. Rf1 Qg7 27. Rf7 Qg5 28. Ne4 Qxh5 29. Nf6 Qg6 30. Rh7+ Qxh7 31. Nxh7 Kxh7 32. e4 Ne3 33. Kf2 Nd1+ 34. Ke2 Nxb2 35. Qb3 Rg8 36. Qxb7 Rxg2+ 37. Kf3 Rc2 38. Qxc7+ Kg6 39. Qxc6+ Kg5 40. e5 1-0

[Event "Moravia-ch op"]
[Site "Moravia"]
[Date "1996.??.??"]
[Round "?"]
[White "Kalod, Radek"]
[Black "Chetverik, Maxim"]
[Result "1/2-1/2"]
[WhiteElo "2340"]
[BlackElo "2290"]
[PlyCount "76"]
[EventDate "1996.??.??"]
[Source "www.chesslib.no"]
[SourceDate "2004.05.04"]

1. e4 e5 2. Nf3 Nc6 3. Bb5 Bb4 4. O-O Nge7 5. c3 Ba5 6. Na3 O-O 7. Nc4 d5 8. Nxa5 Nxa5 9. d3 Bg4 10. h3 Bxf3 11. Qxf3 a6 12. Ba4 d4 13. Qg3 Ng6 14. Bd2 c5 15. b4 b5 16. bxa5 bxa4 17. c4 Rb8 18. Rfb1 Qc7 19. Qf3 a3 20. Rb3 Rb7 21. Rab1 Rfb8 22. Qd1 h6 23. Qc1 f5 24. Qxa3 fxe4 25. dxe4 Kh7 26. f3 Qf7 27. Qxc5 Nh4 28. Be1 Rxb3 29. Rxb3 Rxb3 30. axb3 Qf4 31. Bxh4 Qxh4 32. Qxe5 Qe1+ 33. Kh2 d3 34. Qf5+ Kh8 35. Qc8+ Kh7 36. Qf5+ Kh8 37. Qf8+ Kh7 38. Qf5+ Kh8 1/2-1/2

[Event "CUB-ch"]
[Site "CUB"]
[Date "1995.??.??"]
[Round "12"]
[White "Gonzales, Renieo"]
[Black "Valdes, Luis E"]
[Result "1/2-1/2"]
[WhiteElo "2290"]
[BlackElo "2340"]
[PlyCount "42"]
[EventDate "1995.??.??"]
[Source "ChessBase"]

1. e4 e5 2. Nf3 Nc6 3. Bb5 a6 4. Bc4 Nf6 5. O-O Bc5 6. c3 Bb6 7. d4 Nxe4 8. Qe2 f5 9. d5 Ne7 10. Nxe5 O-O 11. Bb3 d6 12. Nc4 Bc5 13. Be3 Ng6 14. Nbd2 Nxd2 15. Qxd2 Bxe3 16. fxe3 Bd7 17. Rae1 Qe7 18. Qd4 Rae8 19. Na5 Bc8 20. Ba4 Rd8 21. Bb3 Qg5 1/2-1/2

[Event "Beersheba-B"]
[Site "Beer Sheba ISR"]
[Date "1991.??.??"]
[Round "?"]
[White "Segal, Anna"]
[Black "Berkovich, Mark A"]
[Result "0-1"]
[WhiteElo "2200"]
[BlackElo "2405"]
[PlyCount "62"]
[EventDate "1991.07.??"]
[Source "www.chesslib.no"]
[SourceDate "2004.05.04"]

1. e4 e5 2. Nf3 Nc6 3. Bb5 Bb4 4. c3 Ba5 5. O-O Nge7 6. d4 exd4 7. cxd4 d5 8. Nc3 O-O 9. Bd3 Bg4 10. Be3 Bb6 11. exd5 Nxd5 12. h3 Bh5 13. Bc4 Nce7 14. Bg5 f6 15. Re1 Kh8 16. Bh4 c6 17. g4 Bf7 18. Qd2 Qd7 19. Na4 Ng6 20. Bg3 Rad8 21. Kh2 Bc7 22. Nc5 Qc8 23. Rad1 Bf4 24. Qd3 Qc7 25. Ne6 Bxe6 26. Rxe6 Bxg3+ 27. fxg3 Ngf4 28. gxf4 Nxf4 29. Re7 Qxe7 30. Qf5 Qe3 31. Kg3 Ne2+ 0-1

[Event "Rilton Cup"]
[Site "Stockholm"]
[Date "1988.??.??"]
[Round "?"]
[White "Johansson, Jan"]
[Black "Carlhammar, Magnus"]
[Result "1-0"]
[WhiteElo "2350"]
[BlackElo "2245"]
[PlyCount "65"]
[EventDate "1988.??.??"]
[Source "ChessBase"]

1. e4 e5 2. Nf3 Nc6 3. Bb5 a6 4. Bc4 Nf6 5. d3 d6 6. c3 g6 7. Nbd2 Bg7 8. Nf1 O-O 9. Bg5 h6 10. Bh4 Nb8 11. Ne3 Nbd7 12. b4 b5 13. Bb3 Nb6 14. O-O a5 15. a3 Qe8 16. Qc2 Be6 17. c4 bxc4 18. dxc4 axb4 19. Bxf6 Bxf6 20. axb4 c6 21. h3 Qe7 22. Rfd1 Qc7 23. Qd3 Be7 24. Rxa8 Nxa8 25. c5 Bxb3 26. Qxb3 dxc5 27. Ng4 cxb4 28. Nfxe5 h5 29. Rd7 Qxd7 30. Nh6+ Kg7 31. Nxd7 Kxh6 32. Nxf8 Bxf8 33. Qxf7 1-0

[Event "Antwerp Open"]
[Site "Antwerp BEL"]
[Date "1994.??.??"]
[Round "5"]
[White "Hellsten, Johan"]
[Black "Thoeng, Paulus"]
[Result "1/2-1/2"]
[WhiteElo "2325"]
[BlackElo "2260"]
[PlyCount "51"]
[EventDate "1994.08.??"]
[Source "www.chesslib.no"]
[SourceDate "2004.05.04"]

1. e4 e5 2. Nf3 Nc6 3. Bb5 Bb4 4. c3 Ba5 5. Na3 Nf6 6. Nc4 Bb6 7. Bxc6 bxc6 8. Nfxe5 O-O 9. d3 d5 10. Nxb6 axb6 11. O-O dxe4 12. dxe4 Qe8 13. Bf4 Ra5 14. Nc4 Qxe4 15. Nxa5 Qxf4 16. Nxc6 Bb7 17. Qd4 Qh6 18. Ne7+ Kh8 19. Nf5 Qg5 20. Ng3 Nh5 21. Rfe1 Nf4 22. f3 h5 23. Qd7 Qc5+ 24. Qd4 Qg5 25. Qd7 Qc5+ 26. Qd4 1/2-1/2

[Event "Bucharest Juventus"]
[Site "Bucharest"]
[Date "2002.08.06"]
[Round "2"]
[White "Nita, Lucian"]
[Black "Tikhomirov, Sergei"]
[Result "0-1"]
[WhiteElo "2265"]
[BlackElo "2316"]
[PlyCount "64"]
[EventDate "2002.08.05"]
[Source "ChessBase"]
[SourceDate "2002.09.11"]

1. e4 e5 2. Nf3 Nc6 3. Bb5 Qf6 4. O-O Nge7 5. Re1 a6 6. Bf1 d6 7. d3 h6 8. Nbd2 g5 9. g3 Bg7 10. c3 Be6 11. b4 O-O 12. Nb3 Qg6 13. Bg2 f5 14. exf5 Bxf5 15. d4 Rad8 16. d5 Nb8 17. Nfd2 Nd7 18. g4 Bc2 19. Qe2 Nf6 20. c4 Bd3 21. Qd1 b5 22. Nd4 exd4 23. Rxe7 bxc4 24. Nxc4 Bxc4 25. Qxd4 Qd3 26. Qxd3 Bxd3 27. Bb2 Rf7 28. Rae1 Nxg4 29. Rxf7 Kxf7 30. Bxg7 Kxg7 31. Re7+ Kf6 32. Rxc7 Re8 0-1

[Event "EU-chT5 corr9498"]
[Site "?"]
[Date "1994.??.??"]
[Round "9.10"]
[White "Cavajda, Ivan"]
[Black "Ellisson, Kari"]
[Result "1-0"]
[WhiteElo "2380"]
[BlackElo "2200"]
[PlyCount "111"]
[EventDate "1994.??.??"]
[Source "www.chesslib.no"]
[SourceDate "2004.05.04"]

1. e4 e5 2. Nf3 Nc6 3. Bb5 Bb4 4. c3 Ba5 5. Na3 Bb6 6. Nc4 f6 7. d4 exd4 8. cxd4 d5 9. Nxb6 axb6 10. e5 Bg4 11. h3 Bh5 12. O-O Nge7 13. exf6 gxf6 14. Bf4 O-O 15. Re1 Kh8 16. g4 Bf7 17. a3 Ng6 18. Bg3 Qd7 19. Qd2 Rae8 20. Qh6 Rxe1+ 21. Rxe1 Re8 22. Rxe8+ Bxe8 23. Nh4 Kg8 24. Nf5 Qf7 25. Qe3 Kf8 26. Qh6+ Kg8 27. Qe3 Kf8 28. f3 Nge7 29. Nxe7 Qxe7 30. Qxe7+ Kxe7 31. Bxc6 Bxc6 32. Bxc7 b5 33. Ba5 Be8 34. Kf2 h5 35. Kg3 hxg4 36. fxg4 Bg6 37. Kf4 Bc2 38. h4 Be4 39. h5 Ke6 40. Bb4 Bc2 41. Be1 Be4 42. Bb4 Bc2 43. Be1 Be4 44. Ke3 Bg2 45. Kd3 Bf3 46. Kc3 Kd7 47. Kb4 Kc6 48. h6 Be4 49. Bh4 Bg6 50. Bxf6 Bh7 51. Ka5 Bc2 52. b4 Bd3 53. Bd8 Bc2 54. Bg5 Bd3 55. Bf4 Bc2 56. a4 1-0

[Event "Ozery op2 Seniors"]
[Site "Ozery"]
[Date "1997.??.??"]
[Round "4"]
[White "Kudinov, Igor"]
[Black "Gusev, Yuri S"]
[Result "1/2-1/2"]
[WhiteElo "2275"]
[BlackElo "2305"]
[PlyCount "43"]
[EventDate "1997.??.??"]
[Source "www.chesslib.no"]
[SourceDate "2004.05.04"]

1. e4 e5 2. Nf3 Nc6 3. Bb5 Bb4 4. O-O Nge7 5. c3 Ba5 6. d4 exd4 7. cxd4 d5 8. Ne5 O-O 9. Nxc6 bxc6 10. Bd3 dxe4 11. Bxe4 Ba6 12. Bd3 Bxd3 13. Qxd3 Bb6 14. Rd1 Qd7 15. Nc3 Rad8 16. Be3 Nf5 17. Ne2 c5 18. Bg5 f6 19. Qb3+ Qf7 20. Qxf7+ Kxf7 21. dxc5 Bxc5 22. Bf4 1/2-1/2